| 000 | 01001nam a2200229Ia 4500 | ||
|---|---|---|---|
| 003 | Ost | ||
| 005 | 20260507075129.0 | ||
| 008 | 260507s9999||||xx |||||||||||||| ||und|| | ||
| 020 | _a236345977 | ||
| 040 | _cfsecg | ||
| 041 | _aara | ||
| 082 | _a330 | ||
| 100 |
_aكويك، نوتس _eمؤلف |
||
| 245 | 0 |
_aبيع الأسماك والعلامات التجارية / _c نوتس كويك |
|
| 260 |
_aالقاهرة: _bدار الفاروق للنشر والتوزيع, _c2003 |
||
| 300 |
_a80 صفحة؛ _bإيضاحات ؛ _c24 سم |
||
| 520 | _aمقدمة عن التوكيل التجاري- استكشاف فرص التوكيلات التجارية- تحديد مجال التوكيلات التجارية المناسبة لك- كيف تدبر الموارد المالية اللازمة لشراء توكيل؟. | ||
| 653 | _aالإسم التجاري | ||
| 653 | _aالعلامات التجارية | ||
| 700 |
_aالحداد، عماد _eمؤلف ثانوي |
||
| 942 | _cكتاب | ||
| 999 |
_c43196 _d43196 |
||